000 01424nam a2200445 i 4500
001 45522
003 KOSZ 005
005 20200211121046.0
008 050525s2004 pl a f |001 0 pol
015 _aPB 2005/10596
020 _a8372794502
035 _a991026767459705066
035 _a(PL-WaBN)b17269052-48omnis_nlop
035 _ab17269052
035 _a(OCoLC)749720352
035 _a(PL)b0000001726905
035 _a(EXLNZ-48OMNIS_NETWORK)9910383140505606
040 _aWA N
_cWA N
_dKOSZ 005/HR
041 0 _apol
046 _k2004
080 _a004.382.7
080 _a(07)
100 1 _aKrzyżanowski, Ryszard
_c(elektronik)
_eAutor
245 1 0 _aUkłady mikroprocesorowe /
_cRyszard Krzyżanowski.
260 _aWarszawa :
_b"Mikom",
_c2004.
300 _a249 s. :
_bfot., rys., wykr. ;
_c24 cm.
336 _2rdacontent
_aTekst
_btxt
337 _2rdamedia
_aBez urządzenia pośredniczącego
_bn
380 _aKsiążki
388 _a2001-
504 _aBibliogr. s. 245-246. Indeks.
650 7 _aMinikomputery i mikrokomputery
_2DBN
650 7 _aMikroprocesor
655 7 _aPodręcznik
_2DBN
658 _aInformatyka i technologie informacyjne
710 2 _aWydawnictwo Mikom
_4pbl
856 _uhttp://koha.tu.koszalin.pl/cgi-bin/koha/opac-detail.pl?biblionumber=45522
_yKatalog online BPK
942 _2UKD
_cKS
999 _c45522
_d45522